[Event "Santo Domingo Gesta Catorce op"]
[Site "Santo Domingo"]
[Date "2016.06.25"]
[Round "2"]
[White "Cuevas Jimenez, Juan Modesto"]
[Black "Menendez Mendez, Ariel"]
[Result "1-0"]
[WhiteElo "1799"]
[BlackElo "1954"]
[PlyCount "110"]
[EventDate "2016.06.24"]
[EventType "swiss"]
[EventRounds "8"]
[EventCountry "DOM"]
[SourceTitle "EXT 2017"]
[Source "ChessBase"]
[SourceDate "2016.10.25"]
[SourceVersion "1"]
[SourceVersionDate "2016.10.25"]
[SourceQuality "1"]

1. e4 c6 2. d4 d5 3. Nc3 dxe4 4. Nxe4 Bf5 5. Nc3 e6 6. Nf3 Nf6 7. Bd3 Bg4 8. Be3 Nd5 9. Nxd5 cxd5 10. h3 Bh5 11. g4 Bg6 12. Ne5 Nc6 13. Qd2 Qb6 14. Bxg6 hxg6 15. c3 Bd6 16. Nd3 Rc8 17. Kf1 Na5 18. b3 Qa6 19. Kg2 Qc6 20. Rac1 b6 21. f3 Qd7 22. Bf4 f6 23. Bxd6 Qxd6 24. Nf4 Kf7 25. Rhe1 Rce8 26. Re2 g5 27. Nd3 Nc6 28. f4 gxf4 29. Qxf4 Qxf4 30. Nxf4 g5 31. Nd3 Rc8 32. Rf2 Kg7 33. Rf3 Nb8 34. Nf2 Rc6 35. Rf1 Nd7 36. Nd1 Rhc8 37. Kg3 e5 38. Rf5 Re8 39. h4 gxh4+ 40. Kxh4 Nf8 41. g5 Ng6+ 42. Kg4 exd4 43. gxf6+ Kf7 44. cxd4 Re4+ 45. Kg5 Rxd4 46. Rh1 Nf8 47. Ne3 Ne6+ 48. Kh6 Rc8 49. Kh7 Nf8+ 50. Kh6 Ng6 51. Kg5 Nf8 52. Rh6 Rc3 53. Re5 Ne6+ 54. Kh5 Rc1 55. Rh7+ Kxf6 1-0

[Event "Santo Domingo Regional-ch"]
[Site "Santo Domingo"]
[Date "2016.03.12"]
[Round "3"]
[White "Matos Aracena, Juan Odalis A"]
[Black "Cuevas Jimenez, Juan Modesto"]
[Result "0-1"]
[WhiteElo "1656"]
[BlackElo "1793"]
[PlyCount "40"]
[EventDate "2016.03.11"]
[EventType "swiss"]
[EventRounds "7"]
[EventCountry "DOM"]
[SourceTitle "EXT 2017"]
[Source "ChessBase"]
[SourceDate "2016.10.25"]
[SourceVersion "1"]
[SourceVersionDate "2016.10.25"]
[SourceQuality "1"]

1. e4 e5 2. Nc3 Nc6 3. Nf3 Nf6 4. Bb5 d6 5. 0-0 Bg4 6. h3 Bh5 7. d4 exd4 8. Qxd4 a6 9. Bxc6+ bxc6 10. e5 dxe5 11. Qxe5+ Qe7 12. Qa5 Bxf3 13. gxf3 Qd7 14. Qe5+ Kd8 15. Bg5 Kc8 16. Bf4 Bd6 17. Qd4 Bxf4 18. Qxf4 Qxh3 19. Ne4 Rd8 20. Rfe1 Rb8 0-1